Guess the capitals - Statistics

General Stats
  • This quiz has been taken 35 times
    7 since last reset
  • The average score is 57 of 200
Answers on the Map
Answers color-coded by a green-red scale on the quiz's map according to % correct below.
 
Answer Stats
Answer % Correct
Dublin
100%
London
100%
Madrid
100%
Moscow
100%
Ottawa
100%
Washington D.C.
100%
Amsterdam
67%
Andorra La Vella
67%
Bangkok
67%
Beijing
67%
Belgrade
67%
Bern
67%
Brasilia
67%
Brussels
67%
Havana
67%
Helsinki
67%
Jakarta
67%
La Paz
67%
Lisbon
67%
Manila
67%
Mexico City
67%
New Delhi
67%
Oslo
67%
Paris
67%
Pyongyang
67%
Reykjavik
67%
Rome
67%
San Marino
67%
Santiago
67%
Seoul
67%
Stockholm
67%
Tallinn
67%
Tashkent
67%
Tokyo
67%
Vaduz
67%
Vatican City
67%
Vienna
67%
Abu Dhabi
33%
Abuja
33%
Accra
33%
Addis Ababa
33%
Algiers
33%
Amman
33%
Ankara
33%
Ashgabat
33%
Asmara
33%
Astana
33%
Asuncion
33%
Athens
33%
Baghdad
33%
Baku
33%
Beirut
33%
Berlin
33%
Bissau
33%
Bogota
33%
Bratislava
33%
Bucharest
33%
Budapest
33%
Buenos Aires
33%
Cairo
33%
Canberra
33%
Cape Town
33%
Caracas
33%
Copenhagen
33%
Dakar
33%
Damascus
33%
Dhaka
33%
Dili
33%
Djibouti
33%
Doha
33%
Georgetown
33%
Guatemala City
33%
Hanoi
33%
Islamabad
33%
Jerusalem
33%
Kabul
33%
Kampala
33%
Kathmandu
33%
Khartoum
33%
Kiev
33%
Kingston
33%
Kinshasa
33%
Kuala Lumpur
33%
Kuwait City
33%
Lima
33%
Ljubljana
33%
Luxembourg
33%
Manama
33%
Minsk
33%
Mogadishu
33%
Monaco
33%
Montevideo
33%
Moroni
33%
Muscat
33%
Nairobi
33%
N'Djamena
33%
Nicosia
33%
Nouakchott
33%
Panama City
33%
Prague
33%
Pretoria
33%
Pristina
33%
Quito
33%
Rabat
33%
Riga
33%
Riyadh
33%
Sana'a
33%
San Jose
33%
Santo Domingo
33%
Sao Tome
33%
Sarajevo
33%
Singapore
33%
Skopje
33%
Sofia
33%
Sucre
33%
Taipei
33%
Tbilisi
33%
Tehran
33%
Tirana
33%
Tripoli
33%
Tunis
33%
Ulan Bator
33%
Vilnius
33%
Warsaw
33%
Wellington
33%
Yaounde
33%
Yerevan
33%
Zagreb
33%
Antananarivo
0%
Apia
0%
Bamako
0%
Bandar Seri Begawan
0%
Bangui
0%
Banjul
0%
Basseterre
0%
Belmopan
0%
Bishkek
0%
Bloemfontein
0%
Brazzaville
0%
Bridgetown
0%
Castries
0%
Chisinau
0%
Conakry
0%
Dodoma
0%
Dushanbe
0%
Freetown
0%
Funafuti
0%
Gaborone
0%
Gitega
0%
Harare
0%
Honiara
0%
Juba
0%
Kigali
0%
Kingstown
0%
Libreville
0%
Lilongwe
0%
Lome
0%
Luanda
0%
Lusaka
0%
Majuro
0%
Malabo
0%
Male
0%
Managua
0%
Maputo
0%
Maseru
0%
Mbabane
0%
Monrovia
0%
Nassau
0%
Naypyidaw
0%
Ngerulmud
0%
Niamey
0%
Nuku'alofa
0%
Ouagadougou
0%
Palikir
0%
Paramaribo
0%
Phnom Penh
0%
Podgorica
0%
Port-au-prince
0%
Port Louis
0%
Port Moresby
0%
Port Of Spain
0%
Porto-Novo
0%
Port Vila
0%
Praia
0%
Roseau
0%
Roughs Tower
0%
Saint George's
0%
Saint John's
0%
San Salvador
0%
Sri Jayawardenepurakotte
0%
Suva
0%
Tarawa
0%
Tegucigalpa
0%
Thimphu
0%
Valletta
0%
Victoria
0%
Vientiane
0%
Windhoek
0%
Yamoussoukro
0%
Yaren
0%
No matching quizzes found
Score Distribution
Percent of People with Each Score
Percentile by Number Answered
Your Score History
You have not taken this quiz since the last reset